header

Fight for freedom and other writings on civil rights (Record no. 4677)

MARC details
000 -LEADER
fixed length control field 01447nam a2200325Ia 4500
100 1# - MAIN ENTRY--AUTHOR NAME
Personal name Hughes, Langston,
245 10 - TITLE STATEMENT
Title Fight for freedom and other writings on civil rights
260 ## - PUBLICATION, DISTRIBUTION, ETC. (IMPRINT)
Place of publication Columbia ;
-- London :
Name of publisher University of Missouri Press,
Year of publication c2001-
300 ## - PHYSICAL DESCRIPTION
Number of Pages xvi, 272 p.
490 1# - SERIES STATEMENT
Series statement Collected works of Langston Hughes ;
650 #0 - SUBJECT ADDED ENTRY--TOPICAL TERM
Topical Term African Americans
700 1# - ADDED ENTRY--PERSONAL NAME
Personal name De Santis, Christopher C.,
856 40 - ELECTRONIC LOCATION AND ACCESS
Uniform Resource Identifier http://site.ebrary.com/lib/rucke/Doc?id=10001650

No items available.

© 2026 Rongo University
Contact us: librarian | system librarian | Rongo university